Vývoj vkladov obyvateľstva v rokoch 1990-1993

Charakteristické znaky vývoja úspor obyvateľstva. Stabilizovaný vývoj narušený od r. 1990. Prudký pokles miery úspor v r. 1993. Štruktúra úsporných vkladov obyvateľstva v Slovenskej štátnej sporiteľni.

Na minha lista:
Detalhes bibliográficos
Autor principal: Antalová, J.
Outros Autores: Hroncová, A.
Formato: Capítulo de Livro
Idioma:eslovaco
Assuntos:
Tags: Adicionar Tag
Sem tags, seja o primeiro a adicionar uma tag!

MARC

LEADER 00000naa a2200000 4500
001 r017357
005 20221205075559.6
041 0 |a slo 
044 |a SK 
245 1 0 |a Vývoj vkladov obyvateľstva v rokoch 1990-1993  |c J. Antalová, A. Hroncová 
520 |a Charakteristické znaky vývoja úspor obyvateľstva. Stabilizovaný vývoj narušený od r. 1990. Prudký pokles miery úspor v r. 1993. Štruktúra úsporných vkladov obyvateľstva v Slovenskej štátnej sporiteľni. 
610 2 0 |a vklady 
610 2 0 |a sporenie obyvateľstva 
610 2 0 |a 1990-1993 
610 2 0 |a miera úspor 
610 2 0 |a Slovensko 
610 2 0 |a Slovenská štátna sporiteľňa Bratislava 
610 2 0 |a inflácia 
100 1 |a Antalová, J. 
700 1 |a Hroncová, A.